Guess the Drink By the Logo - Statistics

General Stats
  • This quiz has been taken 270 times
  • The average score is 8 of 12
Answer Stats
Picture Answer % Correct
Redbull
100%
Gatorade
91%
Pepsi
91%
Coca-Cola
89%
Sprite
88%
Mountain Dew
82%
Kool-Aid
77%
Arizona
68%
Monster Energy
58%
Mug
47%
Fast Twitch
12%
Honest Kids
11%
No matching quizzes found
Score Distribution
Percent of People with Each Score
Percentile by Number Answered
Your Score History
You have not taken this quiz